So Good They Can't Ignore You (Record no. 369877)

MARC details
000 -LEADER
fixed length control field 00493nam a2200169 4500
005 - DATE AND TIME OF LATEST TRANSACTION
control field 20260113170304.0
008 - FIXED-LENGTH DATA ELEMENTS--GENERAL INFORMATION
fixed length control field 260113b |||||||| |||| 00| 0 eng d
020 ## - INTERNATIONAL STANDARD BOOK NUMBER
International Standard Book Number 978-0-3494-2021-9
041 ## - LANGUAGE CODE
Language code of text/sound track or separate title English
082 ## - DEWEY DECIMAL CLASSIFICATION NUMBER
Classification number X 650.1 NEW
Item number B12168
100 ## - MAIN ENTRY--PERSONAL NAME
Author Newport, Cal
245 ## - TITLE STATEMENT
Title So Good They Can't Ignore You
Remainder of title : Why skills trump passion in the quest for work you love
260 ## - PUBLICATION, DISTRIBUTION, ETC.
Place of publication, distribution, etc. Great Britain
Name of publisher, distributor, etc. Piatkus
Date of publication, distribution, etc. 2016
300 ## - PHYSICAL DESCRIPTION
Extent xxi,275p
Other physical details pb
365 ## - TRADE PRICE
Price type code Rupaye
Price amount 351
Currency code INR
942 ## - ADDED ENTRY ELEMENTS (KOHA)
Koha item type Books
Holdings
Withdrawn status Lost status Source of classification or shelving scheme Damaged status Not for loan Home library Current library Date acquired Vendor Net Price Bill number Total Checkouts Full call number Barcode Date last seen Date last checked out Discount Actual Price Bill Date Koha item type Original Barcode
    Dewey Decimal Classification     Smt. Bakul Tambat Institute of Nursing Education Smt. Bakul Tambat Institute of Nursing Education 30/12/2025 Amazon(online) 171-8166755-5088351 333.45 DED4-4449435 1 X 650.1 NEW B12168 BTIN-BK-12168 09/02/2026 03/02/2026 17.55 351.00 18/12/2025 Books BTIN-BK-12168